The business of tourism management. / (Record no. 741)
[ view plain ]
| 000 -LEADER | |
|---|---|
| fixed length control field | 02027cam a22003138a 4500 |
| 001 - CONTROL NUMBER | |
| control field | 14036509 |
| 003 - CONTROL NUMBER IDENTIFIER | |
| control field | OSt |
| 005 - DATE AND TIME OF LATEST TRANSACTION | |
| control field | 20210414113928.0 |
| 008 - FIXED-LENGTH DATA ELEMENTS--GENERAL INFORMATION | |
| fixed length control field | 050714s2005 nyu b 001 0 eng |
| 010 ## - LIBRARY OF CONGRESS CONTROL NUMBER | |
| LC control number | 2005051343 |
| 020 ## - INTERNATIONAL STANDARD BOOK NUMBER | |
| International Standard Book Number | 0273688014 (alk. paper) |
| 040 ## - CATALOGING SOURCE | |
| Original cataloging agency | DLC |
| Transcribing agency | DLC |
| 042 ## - AUTHENTICATION CODE | |
| Authentication code | pcc |
| 050 00 - LIBRARY OF CONGRESS CALL NUMBER | |
| Classification number | G155.A1B887 |
| Item number | |
| 082 00 - DEWEY DECIMAL CLASSIFICATION NUMBER | |
| Classification number | 910/.68 |
| Edition number | 22 |
| 100 ## - MAIN ENTRY--PERSONAL NAME | |
| Personal name | Beech, John |
| 245 04 - TITLE STATEMENT | |
| Title | The business of tourism management. / |
| Statement of responsibility, etc. | edited by John Beech and Simon Chadwick. |
| 260 ## - PUBLICATION, DISTRIBUTION, ETC. | |
| Place of publication, distribution, etc. | New York : |
| Name of publisher, distributor, etc. | Financial Times/Prentice Hall, |
| Date of publication, distribution, etc. | 2005. |
| 263 ## - PROJECTED PUBLICATION DATE | |
| Projected publication date | 0511 |
| 300 ## - PHYSICAL DESCRIPTION | |
| Extent | xxvi, 577 p.: |
| Other physical details | ill; |
| Dimensions | 24cm. |
| 504 ## - BIBLIOGRAPHY, ETC. NOTE | |
| Bibliography, etc. note | Includes bibliographical references and index. |
| 505 ## - FORMATTED CONTENTS NOTE | |
| Formatted contents note | Contents: The Unique evolution of tourism as business -- The Structure of the tourism and travel industry -- The Role of the state in tourism -- Organisational behaviour in tourism in businesses -- Human resource management in businesses -- Marketing in tourism -- Finance and accounting for tourism -- Managing a small non-profit tourism organisation -- Analysis of the business environment and strategy in tourism -- Quality and yield management in tourism businesses -- Information technology and management information sytems in tourism -- Tourism business and the law -- Visitor attraction management -- Sports tourism -- The Economic impact of tourism -- Managing sociocultural impacts of tourism -- Managing the environmental impacts of tourism -- The Accomodation subsector -- Mass tourism businesses I: Tour operators -- Mass tourism businesses II :Travel agents -- Managing the transport subsector in tourism -- Developing mass tourism in developing nations -- The Management of heritage and cultural tourism -- Conclusion - the future of the tourism industry. |
| 650 #0 - SUBJECT ADDED ENTRY--TOPICAL TERM | |
| Topical term or geographic name entry element | Tourism |
| General subdivision | Management. |
| 700 1# - ADDED ENTRY--PERSONAL NAME | |
| Personal name | Beech, John G., |
| Dates associated with a name | 1947- |
| 700 1# - ADDED ENTRY--PERSONAL NAME | |
| Personal name | Chadwick, Simon, |
| Dates associated with a name | 1964- |
| 906 ## - LOCAL DATA ELEMENT F, LDF (RLIN) | |
| a | 7 |
| b | cbc |
| c | orignew |
| d | 1 |
| e | ocip |
| f | 20 |
| g | y-gencatlg |
| 942 ## - ADDED ENTRY ELEMENTS (KOHA) | |
| Source of classification or shelving scheme | Library of Congress Classification |
| Koha item type | Books |
| Withdrawn status | Lost status | Source of classification or shelving scheme | Damaged status | Not for loan | Home library | Current library | Shelving location | Date acquired | Total Checkouts | Full call number | Barcode | Date last seen | Copy number | Price effective from | Koha item type |
|---|---|---|---|---|---|---|---|---|---|---|---|---|---|---|---|
| Library of Congress Classification | WISCONSIN INTERNATIONAL UNIVERSITY COLLEGE, GHANA - MAIN LIBRARY | WISCONSIN INTERNATIONAL UNIVERSITY COLLEGE, GHANA - MAIN LIBRARY | Reference | 20/04/2012 | G155.A1B887 | 1810/12 | 20/04/2012 | 1 | 20/04/2012 | Books | |||||
| Library of Congress Classification | WISCONSIN INTERNATIONAL UNIVERSITY COLLEGE, GHANA - MAIN LIBRARY | WISCONSIN INTERNATIONAL UNIVERSITY COLLEGE, GHANA - MAIN LIBRARY | Reference | 20/04/2012 | G155.A1B8871 | 1811/12 | 20/04/2012 | 2 | 20/04/2012 | Books | |||||
| Library of Congress Classification | WISCONSIN INTERNATIONAL UNIVERSITY COLLEGE, GHANA - MAIN LIBRARY | WISCONSIN INTERNATIONAL UNIVERSITY COLLEGE, GHANA - MAIN LIBRARY | Reference | 20/04/2012 | G155.A1B8872 | 1812/12 | 20/04/2012 | 3 | 20/04/2012 | Books | |||||
| Library of Congress Classification | WISCONSIN INTERNATIONAL UNIVERSITY COLLEGE, GHANA - MAIN LIBRARY | WISCONSIN INTERNATIONAL UNIVERSITY COLLEGE, GHANA - MAIN LIBRARY | Reference | 20/04/2012 | G155.A1B8873 | 1813/12 | 20/04/2012 | 4 | 20/04/2012 | Books |
